<?xml version="1.0" encoding="UTF-8"?><?xml-stylesheet type="text/xsl" href="static/style.xsl"?><OAI-PMH xmlns="http://www.openarchives.org/OAI/2.0/" xmlns:xsi="http://www.w3.org/2001/XMLSchema-instance" xsi:schemaLocation="http://www.openarchives.org/OAI/2.0/ http://www.openarchives.org/OAI/2.0/OAI-PMH.xsd"><responseDate>2026-04-17T15:54:38Z</responseDate><request verb="GetRecord" identifier="oai:www.recercat.cat:11351/12519" metadataPrefix="marc">https://recercat.cat/oai/request</request><GetRecord><record><header><identifier>oai:recercat.cat:11351/12519</identifier><datestamp>2025-10-24T10:40:51Z</datestamp><setSpec>com_2072_378070</setSpec><setSpec>com_2072_378040</setSpec><setSpec>col_2072_378092</setSpec></header><metadata><record xmlns="http://www.loc.gov/MARC21/slim" xmlns:dcterms="http://purl.org/dc/terms/" xmlns:xsi="http://www.w3.org/2001/XMLSchema-instance" xmlns:doc="http://www.lyncode.com/xoai" xsi:schemaLocation="http://www.loc.gov/MARC21/slim http://www.loc.gov/standards/marcxml/schema/MARC21slim.xsd">
   <leader>00925njm 22002777a 4500</leader>
   <datafield ind2=" " ind1=" " tag="042">
      <subfield code="a">dc</subfield>
   </datafield>
   <datafield ind2=" " ind1=" " tag="720">
      <subfield code="a">Albertos, Sonia</subfield>
      <subfield code="e">author</subfield>
   </datafield>
   <datafield ind2=" " ind1=" " tag="720">
      <subfield code="a">Major Roca, Xavier</subfield>
      <subfield code="e">author</subfield>
   </datafield>
   <datafield ind2=" " ind1=" " tag="720">
      <subfield code="a">esteban, rafael</subfield>
      <subfield code="e">author</subfield>
   </datafield>
   <datafield ind2=" " ind1=" " tag="720">
      <subfield code="a">Colom Farran, Joan</subfield>
      <subfield code="e">author</subfield>
   </datafield>
   <datafield ind2=" " ind1=" " tag="720">
      <subfield code="a">Buti Ferret, Maria</subfield>
      <subfield code="e">author</subfield>
   </datafield>
   <datafield ind2=" " ind1=" " tag="260">
      <subfield code="c">2025-02-03T11:41:30Z</subfield>
   </datafield>
   <datafield ind2=" " ind1=" " tag="260">
      <subfield code="c">2025-02-03T11:41:30Z</subfield>
   </datafield>
   <datafield ind2=" " ind1=" " tag="260">
      <subfield code="c">2024-12-09</subfield>
   </datafield>
   <datafield ind2=" " ind1=" " tag="520">
      <subfield code="a">Hepatitis C virus; Men who have sex with men; Screening</subfield>
   </datafield>
   <datafield ind2=" " ind1=" " tag="520">
      <subfield code="a">Virus de la hepatitis C; Hombres que tienen sexo con hombres; Cribado</subfield>
   </datafield>
   <datafield ind2=" " ind1=" " tag="520">
      <subfield code="a">Virus de l'hepatitis C; Homes que tenen sexe amb homes; Cribatge</subfield>
   </datafield>
   <datafield ind2=" " ind1=" " tag="520">
      <subfield code="a">Aim: To assess the feasibility and acceptability of massive hepatitis C virus (HCV) testing in point of care on the street using quick tests, determine the characteristics of the population included, and the prevalence of HCV infection in this population.&#xd;
Methods: Cross-sectional community-based study including adult men who have sex with men (MSM) who attended the three most important LGTB+ events in Sitges (Catalonia, Spain) in 2022. Points of care were set up on tents on the street and attendees were offered voluntary anti-HCV antibody self-testing. Participants were informed of the study, provided consent, completed the test for identification of risk practices (TIRP), and took the test with the OraQuick® HCV test on a saliva sample (sensitivity: 97.8% [95% confidence interval (CI), 93.2-99.4%] and specificity: 100% [95% CI, 98.4-100%]; gold standard: IgG antibody test for HCV by immunoassay [serum]); participants with positive results were offered HCV virus testing with the Xpert HCV Fingerstick® on a blood drop.&#xd;
Results: A total of 1249 adults participated in the large-scale screening, of which 1197 (95.8%) were identified as MSM. The screening time was 39 participants/h. Four (0.32%) participants had positive anti-HCV results, all with undetectable HCV RNA levels. Participants' median (IQR) age was 44 (35, 54) years; most were Europeans, and 13% reported being unaware of their serological HCV status. The mean (SD) TIRP score was 1.40 (1.44) (n = 1062), with 67.41% reporting some risk, and the self-perceived sexually transmitted disease score was 3.0 (2.82) (n = 969).&#xd;
Conclusion: The point-of-care strategy on the street using a quick oral self-test at massive MSM events is feasible, well-accepted, and quick, and may be a useful strategy to reach other populations at risk of HCV infection.</subfield>
   </datafield>
   <datafield ind2=" " ind1=" " tag="520">
      <subfield code="a">T he author(s) declare that financial support was received for the research, authorship, and/or publication of this article. This project is funded by GILEAD through a competitive research Scholarship in 2021 evaluated by the evaluation committee of the Spanish association for the study of the liver, confidentially and independent, and through a publication support. The study sponsor and funders have no role in study design; collection, management, analysis, and interpretation of data; author selection; writing of the report; and the decision to submit the report for publication.</subfield>
   </datafield>
   <datafield ind1="8" ind2=" " tag="024">
      <subfield code="a">http://hdl.handle.net/11351/12519</subfield>
   </datafield>
   <datafield tag="653" ind2=" " ind1=" ">
      <subfield code="a">Homosexualitat masculina</subfield>
   </datafield>
   <datafield tag="653" ind2=" " ind1=" ">
      <subfield code="a">Hepatitis C - Diagnòstic</subfield>
   </datafield>
   <datafield tag="653" ind2=" " ind1=" ">
      <subfield code="a">Cribatge (Medicina)</subfield>
   </datafield>
   <datafield tag="653" ind2=" " ind1=" ">
      <subfield code="a">Saliva</subfield>
   </datafield>
   <datafield tag="653" ind2=" " ind1=" ">
      <subfield code="a">DISEASES::Digestive System Diseases::Liver Diseases::Hepatitis::Hepatitis, Viral, Human::Hepatitis C</subfield>
   </datafield>
   <datafield tag="653" ind2=" " ind1=" ">
      <subfield code="a">Other subheadings::Other subheadings::/diagnosis</subfield>
   </datafield>
   <datafield tag="653" ind2=" " ind1=" ">
      <subfield code="a">ANALYTICAL, DIAGNOSTIC AND THERAPEUTIC TECHNIQUES, AND EQUIPMENT::Diagnosis::Diagnostic Techniques and Procedures::Mass Screening</subfield>
   </datafield>
   <datafield tag="653" ind2=" " ind1=" ">
      <subfield code="a">PUBLIC HEALTH::Health Care (Public Health)::Health of Specific Groups::Sexual and Reproductive Health::Sexual Health::Sexuality::Homosexuality::Homosexuality, Male</subfield>
   </datafield>
   <datafield tag="653" ind2=" " ind1=" ">
      <subfield code="a">ANATOMY::Fluids and Secretions::Bodily Secretions::Saliva</subfield>
   </datafield>
   <datafield tag="653" ind2=" " ind1=" ">
      <subfield code="a">ENFERMEDADES::enfermedades del sistema digestivo::enfermedades hepáticas::hepatitis::hepatitis viral humana::hepatitis C</subfield>
   </datafield>
   <datafield tag="653" ind2=" " ind1=" ">
      <subfield code="a">Otros calificadores::Otros calificadores::/diagnóstico</subfield>
   </datafield>
   <datafield tag="653" ind2=" " ind1=" ">
      <subfield code="a">TÉCNICAS Y EQUIPOS ANALÍTICOS, DIAGNÓSTICOS Y TERAPÉUTICOS::diagnóstico::técnicas y procedimientos diagnósticos::cribado sistemático</subfield>
   </datafield>
   <datafield tag="653" ind2=" " ind1=" ">
      <subfield code="a">SALUD PÚBLICA::atención a la salud (salud pública)::salud de grupos específicos::salud sexual y reproductiva::salud sexual::sexualidad::homosexualidad::homosexualidad masculina</subfield>
   </datafield>
   <datafield tag="653" ind2=" " ind1=" ">
      <subfield code="a">ANATOMÍA::líquidos y secreciones::secreciones corporales::saliva</subfield>
   </datafield>
   <datafield ind2="0" ind1="0" tag="245">
      <subfield code="a">A large-scale screening of hepatitis C among men who have sex with men in the community using saliva point-of-care testing</subfield>
   </datafield>
</record></metadata></record></GetRecord></OAI-PMH>